1474 1704 1417 1711 1645 1020 1847 1771 1835 1306 1271 1146 1585 1279 1042 1437 1214 1923 1915 1163 1933 1253 1257 1090 1176 1876 1276 1308 1164 1346 1310 1723 1924 1154 1279 1398 1503 1991 1676 1852 1478 1299 1749 1616 1194 1119 1744 1027 1488 1505 1500 1979 1555 1763 1049 1082 1340 1280 1989 1001 1858 1687 1963 1269 1896 1218 1678 1398 1164 1463 1774 1740 1927 1203 1918 1097 1325 1376 1498 1739 1420 1789 1153 1331 1347 1531 1339 1236 1292 1181 1644 1984 1062 1256 1006 1954 1953 1525 1930 BCNSPRNW ULIB Ver.6.0+V

เปลี่ยนเป็นภาษาไทย

Change to English
 แสดงรายละเอียดบรรณานุกรม
  กลับหน้าหลัก

Brief Record : Get Marc (ISO 2709) : E-mail record : QR code < ปิดหน้าต่าง
LEADER : 00000nam 2200000uu 4500
001    13399111697
003     ULIB
008    110706s2552||||th 000 0 tha d
020    9786117023019
050 04 BQ7210^bร649ค 2552
100 0  รุ่งอรุณ
245 10 คู่มือสร้างบุญ อุ่นใจตลอดชาติ /^cรุ่งอรุณ
260    กรุงเทพฯ :^bbusy-day,^c2552
300    237 หน้า
650  7 ทำบุญ
945    ^p155^l0^i026491
949    ทศพร
999 ^a ใช้งานได้ทุกระบบ
รายการนี้ยังไม่มีแท็ก
คุณยังไม่ได้ล็อกอิน คุณสามารถมีกิจกรรมร่วมกับเว็บไซต์ได้ แต่ต้องล็อกอินก่อน ::
  ล็อกอิน

รายการสื่อสารสนเทศ

ลำดับที่ ประเภท เลขเรียก/บาร์โค้ด สถานที่ สถานะ
- ไม่พบข้อมูล -

รายการใกล้เคียง
    ผู้แต่ง [รุ่งอรุณ]

    หัวเรื่อง [ทำบุญ]

BibComment


ยังไม่เคยถูกคอมเมนท์

คอมเมนท์ทรัพยากรรายการนี้
  คอมเมนท์: คู่มือสร้างบุญ อุ..


 Copyright 2026. Bcnsprnw @Library